000
00231 a2200097 4500
001
41785
100
_a
Mcloughlin E V
245
_a
The Book of Knowledge (Vol-II)
260
_a
New York
_b
Grolier Society
_c
090
_c
25896
_d
25896
942
_a
NUST-CAE
_c
M
_c
17664
999
_c
276858
_d
276858